[Event "119th NZL-ch op"]
[Site "Queenstown NZL"]
[Date "2012.01.20"]
[Round "6"]
[White "Milligan, Helen"]
[Black "Andersson, Christin"]
[Result "1/2-1/2"]
[WhiteElo "1979"]
[BlackElo "2123"]
[EventDate "2012.01.15"]
[PlyCount "172"]

1.e4 e5 2.Nf3 d6 3.d4 exd4 4.Nxd4 Nf6 5.Nc3 Be7 6.Be2 O-O 7.O-O Nc6 8.f4 
Nxd4 9.Qxd4 b6 10.Nd5 Nxd5 11.exd5 Bf6 12.Qd3 Bb7 13.Rb1 Re8 14.Bf3 Qd7 
15.b3 c5 16.dxc6 Bxc6 17.Bxc6 Qxc6 18.c4 Rad8 19.Ba3 d5 20.Rfe1 dxc4 21.
Qxc4 Qxc4 22.bxc4 Rxe1+ 23.Rxe1 h6 24.Be7 Bd4+ 25.Kf1 Rc8 26.Rc1 Be3 27.
Rc3 Bxf4 28.g3 Bg5 29.Bxg5 hxg5 30.Ke2 Kf8 31.Kd3 Rc5 32.Ra3 Rc7 33.Kd4 
Rd7+ 34.Ke3 Ke7 35.Rb3 f5 36.Rb5 Ke6 37.a4 Rd6 38.a5 g6 39.c5 bxc5 40.Rxc5
Kf6 41.h3 Ke6 42.Ke2 Kd7 43.g4 Rc6 44.Rb5 a6 45.Rb7+ Ke6 46.Kd3 Ke5 47.Rb4
Rc5 48.Rb6 Rxa5 49.Rxg6 Ra3+ 50.Ke2 Kf4 51.gxf5 Kxf5 52.Rc6 Kf4 53.Kf2 
Ra2+ 54.Kg1 Kg3 55.Rc3+ Kh4 56.Rb3 a5 57.Rc3 Rb2 58.Ra3 Rb5 59.Kg2 Rf5 60.
Rd3 Rb5 61.Ra3 Kh5 62.Kg3 Rf5 63.Ra4 Kg6 64.h4 gxh4+ 65.Kxh4 Rg5 66.Ra1 
Kf6 67.Ra2 Rc5 68.Kg4 Ke5 69.Ra4 Kd5 70.Kf3 Kc6 71.Ke3 Kb5 72.Ra1 Rd5 73.
Ke2 a4 74.Rd1 Rh5 75.Kd2 Rh3 76.Kc2 Kb4 77.Rb1+ Kc4 78.Kb2 Rg3 79.Ka2 Kc3 
80.Rc1+ Kb4 81.Rb1+ Rb3 82.Rxb3+ axb3+ 83.Kb2 Kc4 84.Kb1 Kc3 85.Kc1 b2+ 
86.Kb1 Kb3 1/2-1/2

[Event "119th NZL-ch op"]
[Site "Queenstown NZL"]
[Date "2012.01.20"]
[Round "6"]
[White "Mitchell, Robert"]
[Black "Cooper, Nigel"]
[Result "1-0"]
[WhiteElo "1672"]
[BlackElo "1802"]
[EventDate "2012.01.15"]
[PlyCount "61"]

1.Nf3 g6 2.Nc3 Bg7 3.d4 f5 4.Bg5 Nf6 5.e3 O-O 6.Bc4+ d5 7.Bxf6 Bxf6 8.
Bxd5+ Kh8 9.Qd2 c6 10.Bb3 Qd6 11.O-O-O b5 12.e4 b4 13.e5 bxc3 14.Qxc3 Qc7 
15.exf6 exf6 16.Kb1 Bb7 17.d5 c5 18.Ng5 Qd6 19.Rhe1 Nd7 20.h4 Ne5 21.Ne6 
c4 22.Nxf8 cxb3 23.Nxg6+ hxg6 24.Qxb3 Ba6 25.f4 Nc4 26.Re6 Qxf4 27.Qc3 Qg4
28.Qxf6+ Kh7 29.Re7+ Kh6 30.Qg7+ Kh5 31.Qh7# 1-0

[Event "119th NZL-ch op"]
[Site "Queenstown NZL"]
[Date "2012.01.20"]
[Round "6"]
[White "Morris, James"]
[Black "Tao, Trevor"]
[Result "0-1"]
[WhiteElo "2354"]
[BlackElo "2422"]
[EventDate "2012.01.15"]
[PlyCount "66"]

1.e4 c6 2.Nc3 d5 3.d4 g6 4.e5 h5 5.f4 Bf5 6.Be3 Nd7 7.Nf3 e6 8.Qd2 Bb4 9.
Be2 Rc8 10.O-O Nh6 11.a3 Be7 12.h3 c5 13.Nb5 a6 14.Nd6+ Bxd6 15.exd6 c4 
16.Ne5 f6 17.g4 hxg4 18.hxg4 fxe5 19.fxe5 Qh4 20.Bf2 Qh3 21.Qg5 Ng8 22.Bh4
Rxh4 23.Kf2 Qh2+ 24.Ke3 Qg3+ 25.Rf3 Qxg4 26.Rxf5 Qxd4+ 27.Kf3 Qe4+ 28.Kg3 
Qxf5 29.Kxh4 Nxe5 30.Qg3 Qe4+ 31.Kh3 Qxe2 32.Re1 Qh5+ 33.Kg2 Qg4 0-1

[Event "119th NZL-ch op"]
[Site "Queenstown NZL"]
[Date "2012.01.20"]
[Round "6"]
[White "Kruttika, Nadig"]
[Black "Safarian, Alek"]
[Result "1-0"]
[WhiteElo "2234"]
[BlackElo "2036"]
[EventDate "2012.01.15"]
[PlyCount "65"]

1.e4 c5 2.Nf3 d6 3.d4 cxd4 4.Nxd4 Nf6 5.Nc3 g6 6.Be3 Bg7 7.f3 Nc6 8.Bc4 
O-O 9.Qd2 Bd7 10.O-O-O Rc8 11.Bb3 Qa5 12.Kb1 Rfe8 13.g4 Ne5 14.h4 h5 15.
Bg5 hxg4 16.f4 Nc6 17.Bxf6 Bxf6 18.Nde2 Rcd8 19.h5 Kg7 20.hxg6 fxg6 21.Qd3
Nb4 22.Qc4 d5 23.exd5 Rc8 24.Qe4 Bf5 25.Qe3 Qc5 26.Qd2 b5 27.Ng3 Bxc3 28.
bxc3 Qxc3 29.Nxf5+ gxf5 30.Qe2 a5 31.Rh5 Qf6 32.Rg5+ Kf8 33.d6 1-0

[Event "119th NZL-ch op"]
[Site "Queenstown NZL"]
[Date "2012.01.20"]
[Round "6"]
[White "Press, Harry"]
[Black "Lester, George"]
[Result "0-1"]
[WhiteElo "1884"]
[BlackElo "2008"]
[EventDate "2012.01.15"]
[PlyCount "74"]

1.Nf3 Nf6 2.c4 g6 3.g3 Bg7 4.Bg2 O-O 5.O-O d6 6.d4 Nc6 7.Nc3 a6 8.Re1 Bg4 
9.h3 Bxf3 10.Bxf3 Nd7 11.Bxc6 bxc6 12.e4 c5 13.Be3 cxd4 14.Bxd4 Ne5 15.
Bxe5 Bxe5 16.f4 Bg7 17.e5 Qb8 18.Qc2 dxe5 19.fxe5 c6 20.Qb3 Qc7 21.Na4 
Bxe5 22.Qe3 Bf6 23.Rad1 Rfd8 24.Kg2 Rxd1 25.Rxd1 Rb8 26.b3 Rd8 27.Qe2 Rxd1
28.Qxd1 Qe5 29.Qf3 Qa1 30.Qe2 Bd4 31.Kf3 Qh1+ 32.Qg2 Qc1 33.Qe2 e5 34.c5 
h5 35.g4 Qh1+ 36.Kg3 Qg1+ 37.Kf3 h4 0-1

[Event "119th NZL-ch op"]
[Site "Queenstown NZL"]
[Date "2012.01.20"]
[Round "6"]
[White "Pyke, Malcolm"]
[Black "Aldridge, Alan"]
[Result "1-0"]
[WhiteElo "2132"]
[BlackElo "1945"]
[EventDate "2012.01.15"]
[PlyCount "65"]

1.Nf3 e6 2.c4 Nf6 3.g3 b6 4.Bg2 Bb7 5.O-O Be7 6.d4 O-O 7.Nc3 d5 8.Ne5 h6 
9.Qc2 Nbd7 10.Rd1 c6 11.e4 Rc8 12.exd5 cxd5 13.Qa4 Nxe5 14.dxe5 Nd7 15.
cxd5 Nc5 16.Qg4 Bg5 17.f4 f5 18.Qh5 Be7 19.d6 Bxg2 20.Kxg2 Qd7 21.dxe7 
Qxe7 22.Be3 Qb7+ 23.Qf3 Ne4 24.Nxe4 fxe4 25.Qg4 Rc2+ 26.Kh3 Rf5 27.Qg6 Re2
28.Rd8+ Rf8 29.Rad1 Qf7 30.Rxf8+ Qxf8 31.Qxe4 Qe8 32.g4 g5 33.Qd3 1-0

[Event "119th NZL-ch op"]
[Site "Queenstown NZL"]
[Date "2012.01.20"]
[Round "6"]
[White "Repplinger, Marc"]
[Black "Xie, George Wendi"]
[Result "0-1"]
[WhiteElo "2241"]
[BlackElo "2459"]
[EventDate "2012.01.15"]
[PlyCount "94"]

1.d4 Nf6 2.c4 e6 3.g3 Bb4+ 4.Bd2 Be7 5.Bg2 d5 6.Nf3 c6 7.Qc2 b6 8.O-O Nbd7
9.Bf4 Ba6 10.b3 O-O 11.Nc3 Nh5 12.Bd2 f5 13.Rfd1 Rc8 14.a4 dxc4 15.e4 c5 
16.d5 cxb3 17.Qxb3 fxe4 18.dxe6 c4 19.Qc2 exf3 20.exd7 fxg2 21.dxc8=Q Qxc8
22.Nd5 Bc5 23.Be3 Bxe3 24.Nxe3 Nf6 25.Rd4 Nd7 26.Qe4 Nc5 27.Qe7 c3 28.Rad1
Qe6 29.Rd7 Qxe7 30.Rxe7 Bd3 31.Rxa7 Rc8 32.Kxg2 c2 33.Re1 Be4+ 34.Kf1 Nb3 
35.Nxc2 Rxc2 36.Rxe4 Nd2+ 37.Kg1 Nxe4 38.Ra8+ Kf7 39.Ra7+ Kf6 40.Ra6 Nxf2 
41.Rxb6+ Kf5 42.Rb7 Nh3+ 43.Kf1 g5 44.Rxh7 Rxh2 45.a5 Kg4 46.a6 Rf2+ 47.
Ke1 Ra2 0-1

[Event "119th NZL-ch op"]
[Site "Queenstown NZL"]
[Date "2012.01.20"]
[Round "6"]
[White "Rozentalis, Eduardas"]
[Black "Bojkov, Dejan"]
[Result "1-0"]
[WhiteElo "2592"]
[BlackElo "2553"]
[EventDate "2012.01.15"]
[PlyCount "119"]

1.e4 e5 2.Nf3 Nc6 3.Bb5 a6 4.Bxc6 dxc6 5.O-O f6 6.d4 exd4 7.Nxd4 c5 8.Nb3 
Qxd1 9.Rxd1 Bg4 10.f3 Be6 11.Bf4 c4 12.Nd4 O-O-O 13.Nc3 Bf7 14.Kf2 Ne7 15.
Be3 h5 16.Rd2 Ng6 17.Rad1 Ne5 18.a3 g6 19.Nde2 Rxd2 20.Rxd2 Bg7 21.Nf4 Re8
22.Nfd5 Nd7 23.Bf4 c6 24.Ne3 b5 25.Bd6 Nf8 26.Bb4 Ne6 27.Ne2 Bh6 28.g3 Ng5
29.Nf4 Ne6 30.Nxe6 Bxe6 31.f4 Rd8 32.Rxd8+ Kxd8 33.c3 Kd7 34.Nc2 h4 35.Bc5
a5 36.a4 hxg3+ 37.hxg3 Kc7 38.Nd4 Bd7 39.Kf3 f5 40.e5 Bg7 41.Kg2 Bh6 42.
Kh3 Kb7 43.Kh4 Ka6 44.Bd6 Kb7 45.Bc5 Ka6 46.e6 Be8 47.e7 Kb7 48.Nf3 Kc7 
49.Ne5 g5+ 50.fxg5 Bg7 51.Nf3 Kd7 52.Bd4 Bxd4 53.Nxd4 Kxe7 54.Nxf5+ Kf8 
55.Nd6 Bd7 56.g6 Ke7 57.g7 Be6 58.Nf5+ Kf6 59.g4 bxa4 60.Kh5 1-0

[Event "119th NZL-ch op"]
[Site "Queenstown NZL"]
[Date "2012.01.20"]
[Round "6"]
[White "Selnes, Hamish"]
[Black "Vuglar, Shannon"]
[Result "1-0"]
[WhiteElo "1904"]
[BlackElo "1581"]
[EventDate "2012.01.15"]
[PlyCount "73"]

1.d4 Nf6 2.c4 g6 3.Nc3 Bg7 4.e4 d6 5.f4 O-O 6.Nf3 Na6 7.Be2 e5 8.fxe5 dxe5
9.d5 Nc5 10.Qc2 Nfxe4 11.Nxe4 Bf5 12.Bd3 Bxe4 13.Bxe4 f5 14.Bxf5 gxf5 15.
O-O e4 16.Be3 Qe7 17.Ne1 Rae8 18.Rd1 Be5 19.Qf2 Bd6 20.g3 Nd7 21.Nc2 Ne5 
22.b3 Rf6 23.Kh1 Nf3 24.Ne1 f4 25.Bxf4 e3 26.Qe2 Nd2 27.Rg1 Kh8 28.Bg5 
Qe4+ 29.Qg2 Qxg2+ 30.Kxg2 Rf2+ 31.Kh3 Bc5 32.Nd3 Rxh2+ 33.Kxh2 e2 34.Rxd2 
Bxg1+ 35.Kxg1 e1=Q+ 36.Nxe1 Rxe1+ 37.Kf2 1-0

[Event "119th NZL-ch op"]
[Site "Queenstown NZL"]
[Date "2012.01.20"]
[Round "6"]
[White "Setiabudi, Megan"]
[Black "Goodhue, Nathan"]
[Result "1/2-1/2"]
[WhiteElo "1755"]
[BlackElo "1945"]
[EventDate "2012.01.15"]
[PlyCount "150"]

1.e4 g6 2.d4 Bg7 3.Nc3 d6 4.f4 e6 5.Nf3 f5 6.exf5 exf5 7.Bc4 Nf6 8.O-O d5 
9.Re1+ Kf8 10.Bb3 c6 11.Ne2 Ne4 12.c4 Be6 13.cxd5 cxd5 14.Ne5 Nc6 15.Bd2 
Qb6 16.Nxc6 Qxc6 17.Rc1 Qb6 18.Be3 Kf7 19.Nc3 Qa5 20.Re2 Rhc8 21.Rec2 Nxc3
22.Rxc3 Rxc3 23.Rxc3 Rc8 24.Rxc8 Bxc8 25.Kf2 Be6 26.Qc2 h6 27.h4 Bf6 28.g3
Qb4 29.Qd3 b5 30.a3 Qa5 31.Bd1 b4 32.a4 Bc8 33.b3 Ba6 34.Qd2 Be7 35.Bf3 
Qd8 36.Kg2 Qd6 37.Qc2 Ke6 38.Qd2 Qc6 39.Bd1 Bb7 40.Be2 Ba6 41.Bd1 Kf7 42.
Kf2 Ke6 43.Kg2 Kd7 44.Kf2 Qd6 45.Kg2 Bd8 46.Bf2 Be7 47.Be3 Qc6 48.Kf2 Kc7 
49.Kg2 Kb6 50.Kf2 Ka5 51.Bc2 h5 52.Ke1 Qc3 53.Qxc3 bxc3 54.Kd1 Ba3 55.Ke1 
Kb4 56.Kf2 Bb2 57.Ke1 Ka3 58.Kf2 Ka2 59.Ke1 Ka1 60.b4 Bc4 61.b5 Ka2 62.Kd1
Ba3 63.Bc1 Bd6 64.Be3 Bc7 65.Bc1 Bb6 66.Be3 Ka3 67.Bc1+ Kb4 68.Be3 Bb3 69.
Kc1 Bxa4 70.g4 Bxc2 71.gxh5 gxh5 72.Kxc2 Ba5 73.Bf2 Kxb5 74.Be1 Kc4 75.Bf2
Bc7 1/2-1/2

[Event "119th NZL-ch op"]
[Site "Queenstown NZL"]
[Date "2012.01.20"]
[Round "6"]
[White "Steadman, Michael"]
[Black "Fairbairn, Stephen"]
[Result "1/2-1/2"]
[WhiteElo "2258"]
[BlackElo "2052"]
[EventDate "2012.01.15"]
[PlyCount "116"]

1.d4 d6 2.e4 g6 3.Nc3 Bg7 4.Be3 a6 5.a4 Nc6 6.d5 Nb8 7.Nf3 Nf6 8.Be2 c5 9.
O-O O-O 10.h3 b6 11.Qd2 Nbd7 12.Rab1 Rb8 13.Nh2 b5 14.axb5 axb5 15.b4 cxb4
16.Rxb4 Qa5 17.Nxb5 Nxe4 18.Rxe4 Rxb5 19.Bxb5 Qxb5 20.c4 Qa6 21.Nf3 Nf6 
22.Rh4 Re8 23.Rb1 Bf5 24.Rb6 Qa8 25.Nd4 Qa1+ 26.Qc1 Qxc1+ 27.Bxc1 Bd3 28.
Nc6 Ne4 29.Bb2 g5 30.Bxg7 Kxg7 31.Nb4 gxh4 32.Nxd3 Rc8 33.Rc6 Ra8 34.Kf1 
Ra2 35.c5 Rd2 36.cxd6 exd6 37.Rc4 Rxd3 38.Rxe4 Rxd5 39.Rxh4 Rd2 40.Ke1 Ra2
41.Rd4 Ra6 42.Ke2 Kf6 43.Ke3 Ke5 44.f4+ Ke6 45.g4 d5 46.Rd3 Ra4 47.Kf3 Rb4
48.Re3+ Kf6 49.g5+ Kg6 50.Rd3 Rb5 51.h4 h6 52.Kg4 f5+ 53.Kf3 hxg5 54.hxg5 
Ra5 55.Ke3 Rb5 56.Ra3 Rb6 57.Ra4 Re6+ 58.Kf3 Rb6 1/2-1/2

[Event "119th NZL-ch op"]
[Site "Queenstown NZL"]
[Date "2012.01.20"]
[Round "6"]
[White "Stuart, Peter"]
[Black "Solomon, Stephen"]
[Result "0-1"]
[WhiteElo "1991"]
[BlackElo "2375"]
[EventDate "2012.01.15"]
[PlyCount "80"]

1.c4 e6 2.Nf3 d5 3.b3 Nf6 4.g3 c5 5.Bg2 Nc6 6.O-O Be7 7.e3 O-O 8.Bb2 a6 9.
cxd5 exd5 10.d4 Bg4 11.h3 Bh5 12.g4 Bg6 13.dxc5 Bxc5 14.Ne5 Nxe5 15.Bxe5 
Be4 16.Nc3 Bxg2 17.Kxg2 Re8 18.Bxf6 Qxf6 19.Nxd5 Qe5 20.Nf4 Rad8 21.Qf3 
Rd2 22.Kg1 g6 23.Rad1 Red8 24.Rxd2 Rxd2 25.Rd1 Rxd1+ 26.Qxd1 Bxe3 27.fxe3 
Qxe3+ 28.Kg2 Qxf4 29.Qd3 h5 30.gxh5 gxh5 31.Qd7 Qe4+ 32.Kh2 Kg7 33.Qd2 
Qe5+ 34.Kg2 a5 35.a4 b6 36.Qd3 h4 37.Qf3 Kg6 38.Qc6+ Kg5 39.Qf3 f5 40.Qd3 
Qe4+ 0-1

[Event "119th NZL-ch op"]
[Site "Queenstown NZL"]
[Date "2012.01.20"]
[Round "6"]
[White "Kharisma Sukandar, Irine"]
[Black "Jones, Gawain"]
[Result "0-1"]
[WhiteElo "2325"]
[BlackElo "2653"]
[EventDate "2012.01.15"]
[PlyCount "72"]

1.e4 g6 2.d4 Bg7 3.Nc3 d6 4.Bg5 h6 5.Bh4 c5 6.dxc5 Qa5 7.Bb5+ Nc6 8.Ne2 
dxc5 9.Qd5 Qb6 10.a4 a6 11.a5 axb5 12.axb6 Rxa1+ 13.Nd1 g5 14.Bg3 Nf6 15.
Qxc5 Nxe4 16.Qxb5 O-O 17.Bc7 Rxd1+ 18.Kxd1 Nxf2+ 19.Ke1 Nxh1 20.c3 Bd7 21.
Qd5 Be6 22.Qe4 Ra8 23.Nc1 Ra5 24.Nd3 Bd5 25.Qg4 Ra1+ 26.Kd2 Be6 27.Qf3 Bc8
28.Nc1 Na5 29.b3 Bd7 30.Kc2 Bc6 31.Qe3 Nf2 32.Qxf2 Be4+ 33.Kd2 Nxb3+ 34.
Ke3 Rxc1 35.Kxe4 Rxc3 36.Qa2 e6 0-1

[Event "119th NZL-ch op"]
[Site "Queenstown NZL"]
[Date "2012.01.20"]
[Round "6"]
[White "Tang, Jason"]
[Black "Koerber, Matthias"]
[Result "0-1"]
[WhiteElo "2030"]
[BlackElo "1916"]
[EventDate "2012.01.15"]
[PlyCount "96"]

1.d4 d5 2.c4 e6 3.Nc3 Nf6 4.cxd5 exd5 5.Bg5 c6 6.e3 Be7 7.Bd3 Nbd7 8.Qc2 
Nf8 9.Nge2 Ne6 10.Bh4 g6 11.f3 Ng7 12.O-O O-O 13.Bf2 Bd6 14.Kh1 Re8 15.Bg1
Bc7 16.Rae1 Bf5 17.e4 Be6 18.e5 Nd7 19.f4 f6 20.h3 Qe7 21.g4 f5 22.g5 c5 
23.Qd2 a6 24.Bb1 Red8 25.Ng3 b6 26.h4 cxd4 27.Bxd4 Nc5 28.Qg2 Ne4 29.Rd1 
b5 30.Bc2 Qb4 31.a3 Nxg3+ 32.Qxg3 Qxb2 33.Rb1 Qxa3 34.Qe3 Qe7 35.Ra1 Bd7 
36.Kh2 Bc6 37.Bc5 Qf7 38.Rfd1 Bb7 39.Bb3 Rd7 40.Rd2 Rad8 41.Rad1 Kh8 42.
Rd3 Ba5 43.Ra1 Bxc3 44.Rxc3 Ne6 45.Bd6 d4 46.Bxe6 Qxe6 47.Qxd4 Kg8 48.Rac1
Rxd6 0-1

[Event "119th NZL-ch op"]
[Site "Queenstown NZL"]
[Date "2012.01.20"]
[Round "6"]
[White "Tsoi, Nicole"]
[Black "Ker, Anthony"]
[Result "0-1"]
[WhiteElo "1715"]
[BlackElo "2359"]
[EventDate "2012.01.15"]
[PlyCount "62"]

1.d4 d6 2.Bf4 g6 3.e3 Bg7 4.Nf3 Nd7 5.c3 e5 6.dxe5 dxe5 7.Bg5 f6 8.Bh4 Qe7
9.Bb5 Nh6 10.Nbd2 Nf5 11.Bg3 c6 12.Be2 Nb6 13.a4 Be6 14.a5 Nd7 15.Bc4 Bxc4
16.Nxc4 Nc5 17.Qc2 e4 18.Nd4 Nd3+ 19.Ke2 Nxg3+ 20.hxg3 Qd7 21.f3 f5 22.Rh4
O-O 23.Rah1 Qd5 24.Qb3 Nc5 25.Qb4 h6 26.Nd2 Rf7 27.Rd1 Nd3 28.Qa3 Re8 29.
Rb1 c5 30.Qb3 Qd6 31.Rf4 Nxf4+ 0-1

[Event "119th NZL-ch op"]
[Site "Queenstown NZL"]
[Date "2012.01.20"]
[Round "6"]
[White "Van Riemsdijk, Herman Claudius"]
[Black "Ikeda, Junta"]
[Result "1/2-1/2"]
[WhiteElo "2401"]
[BlackElo "2349"]
[EventDate "2012.01.15"]
[PlyCount "63"]

1.e4 c5 2.Nf3 e6 3.d4 cxd4 4.Nxd4 a6 5.Nc3 Qc7 6.g3 Bb4 7.Bd2 Nf6 8.Bg2 
Nc6 9.a3 Be7 10.Be3 d6 11.O-O Bd7 12.h3 O-O 13.f4 b5 14.g4 Nxd4 15.Bxd4 e5
16.Be3 exf4 17.Bxf4 Be6 18.Rf2 Qb6 19.Qd2 Nd7 20.Be3 Qd8 21.Ne2 Ne5 22.b3 
g6 23.a4 Qc7 24.Rff1 Rfc8 25.Nd4 Bd7 26.axb5 axb5 27.Rfd1 Bf6 28.Kh1 Bg7 
29.Qe1 Re8 30.Qd2 Rec8 31.Qe1 Re8 32.Qd2 1/2-1/2

[Event "119th NZL-ch op"]
[Site "Queenstown NZL"]
[Date "2012.01.20"]
[Round "6"]
[White "Watharow, Sean"]
[Black "Smith, Vivian"]
[Result "1-0"]
[WhiteElo "1929"]
[BlackElo "1752"]
[EventDate "2012.01.15"]
[PlyCount "125"]

1.e4 d6 2.d4 Nf6 3.Nc3 g6 4.Be3 c6 5.Bd3 Bg7 6.Qd2 Ng4 7.Nge2 Nxe3 8.Qxe3 
O-O 9.O-O Nd7 10.Nd1 c5 11.c3 Qb6 12.f4 Nf6 13.h3 Bd7 14.a4 a5 15.Nf2 Rac8
16.Rfd1 cxd4 17.Qxd4 Qc7 18.Qe3 Be6 19.Nd4 Bc4 20.Bc2 Ba6 21.f5 Nd7 22.Ng4
Ne5 23.Nxe5 Bxe5 24.fxg6 hxg6 25.Nf3 Bg7 26.Re1 Qc5 27.Rad1 Qxe3+ 28.Rxe3 
Rc5 29.Rd5 Rfc8 30.Bb3 b6 31.g4 Bb7 32.Rxc5 Rxc5 33.h4 Bh6 34.g5 Bg7 35.
Kf2 Ba6 36.Nd4 Bc4 37.Bc2 Bxd4 38.cxd4 Rc8 39.Rc3 Ba6 40.Ke3 Kg7 41.Bd3 
Bb7 42.Rb3 Bc6 43.Rxb6 Bxa4 44.Ra6 Rh8 45.Rxa5 Bb3 46.Rb5 Ba4 47.Rb7 Rxh4 
48.b3 Rh3+ 49.Kd2 Be8 50.Rxe7 Kf8 51.Ra7 Rg3 52.Ra5 Ke7 53.Bc4 Rg4 54.Ke3 
Rg1 55.Ra7+ Kf8 56.Ra5 Rb1 57.e5 dxe5 58.Rxe5 Bd7 59.d5 Re1+ 60.Kd4 Rg1 
61.Kc5 Bf5 62.d6 Be6 63.Kc6 1-0

[Event "119th NZL-ch op"]
[Site "Queenstown NZL"]
[Date "2012.01.20"]
[Round "6"]
[White "Yao Yow Jen, Winston"]
[Black "Holland, Dennis"]
[Result "0-1"]
[WhiteElo "1807"]
[BlackElo "1958"]
[EventDate "2012.01.15"]
[PlyCount "52"]

1.e4 e5 2.Nf3 Nf6 3.Nc3 Bb4 4.Nxe5 d6 5.Nf3 Bxc3 6.dxc3 Nxe4 7.Bd3 Nc5 8.
O-O Nxd3 9.cxd3 O-O 10.h3 h6 11.Bf4 Qf6 12.Bg3 Nc6 13.Re1 Be6 14.Nd2 Qg6 
15.Nb3 f5 16.Qe2 Rae8 17.Bf4 Bxb3 18.axb3 Rxe2 19.Rxe2 Re8 20.Rd2 Qf7 21.
b4 g5 22.Bh2 a6 23.d4 Qc4 24.d5 Ne5 25.Rad1 Ng6 26.Rd4 Qe2 0-1

[Event "119th NZL-ch op"]
[Site "Queenstown NZL"]
[Date "2012.01.20"]
[Round "6"]
[White "Zhang Jie Wen, William"]
[Black "Dale, Ari"]
[Result "0-1"]
[WhiteElo "1849"]
[BlackElo "1994"]
[EventDate "2012.01.15"]
[PlyCount "104"]

1.e4 c6 2.d4 d5 3.Nc3 dxe4 4.Nxe4 Bf5 5.Ng3 Bg6 6.h4 h6 7.Nf3 Nd7 8.h5 Bh7
9.Bd3 Bxd3 10.Qxd3 e6 11.Bd2 Ngf6 12.O-O-O Be7 13.Be3 O-O 14.Ne4 Nxe4 15.
Qxe4 Nf6 16.Qd3 Qd5 17.c4 Qa5 18.Kb1 b5 19.c5 Qd8 20.Ne5 Qd5 21.Qc2 Ne4 
22.Nd3 a5 23.Nf4 Qf5 24.g4 Qh7 25.Kc1 Nf6 26.f3 Qxc2+ 27.Kxc2 Rfd8 28.Nd3 
Nd5 29.Bf2 Bg5 30.Rhe1 Ra7 31.Re4 Rad7 32.f4 Be7 33.Rd2 Nf6 34.Ree2 Nxg4 
35.Bg1 Rd5 36.Ne5 Nxe5 37.fxe5 Bg5 38.Rd3 Kf8 39.Kc3 Ke7 40.Bh2 g6 41.Bg3 
Rg8 42.Rf2 Rdd8 43.Rdf3 Rg7 44.Rh2 Rdg8 45.Kd3 gxh5 46.Rxh5 Rg6 47.Ke4 Kf8
48.Bf2 Kg7 49.Bg3 Bc1 50.b3 Rg4+ 51.Kd3 Rd8 52.Bh4 Rdxd4+ 0-1

[Event "119th NZL-ch op"]
[Site "Queenstown NZL"]
[Date "2012.01.21"]
[Round "7"]
[White "Ansell, Alan"]
[Black "Kharisma Sukandar, Irine"]
[Result "0-1"]
[WhiteElo "2079"]
[BlackElo "2325"]
[EventDate "2012.01.15"]
[PlyCount "64"]

1.d4 Nf6 2.c4 e6 3.Nc3 Bb4 4.f3 d5 5.a3 Bxc3+ 6.bxc3 c5 7.cxd5 Nxd5 8.dxc5
Qa5 9.e4 Ne7 10.Be3 O-O 11.Qb3 Qc7 12.Nh3 Nd7 13.Qb5 b6 14.Be2 Nxc5 15.
Bxc5 bxc5 16.O-O e5 17.Nf2 Be6 18.Bc4 Bd7 19.Qb3 Nc6 20.Qc2 Na5 21.Bd5 
Rab8 22.Rab1 c4 23.Rb4 Qc5 24.Qe2 Rbc8 25.Kh1 Be6 26.Bxe6 fxe6 27.Ng4 Rfd8
28.h3 Rd3 29.Rxc4 Qxc4 30.Nxe5 Rd2 31.Nxc4 Rxe2 32.Nxa5 Rb2 0-1

[Event "119th NZL-ch op"]
[Site "Queenstown NZL"]
[Date "2012.01.21"]
[Round "7"]
[White "Armstrong, Malcolm"]
[Black "Steadman, Michael"]
[Result "0-1"]
[WhiteElo "2016"]
[BlackElo "2258"]
[EventDate "2012.01.15"]
[PlyCount "38"]

1.d4 e6 2.Nf3 f5 3.d5 Bb4+ 4.c3 Bd6 5.Bg5 Nf6 6.Qd3 O-O 7.Nbd2 Qe8 8.Bxf6 
Rxf6 9.dxe6 dxe6 10.e4 Nc6 11.Nc4 e5 12.O-O-O fxe4 13.Qxe4 Bf5 14.Nxd6 
cxd6 15.Bc4+ Kh8 16.Qe3 Rc8 17.Nh4 Bd7 18.Kb1 Rf4 19.Rxd6 Rxc4 0-1

[Event "119th NZL-ch op"]
[Site "Queenstown NZL"]
[Date "2012.01.21"]
[Round "7"]
[White "Bojkov, Dejan"]
[Black "Van Riemsdijk, Herman Claudius"]
[Result "1-0"]
[WhiteElo "2553"]
[BlackElo "2401"]
[EventDate "2012.01.15"]
[PlyCount "61"]

1.e4 e5 2.Nf3 Nc6 3.Bc4 Nf6 4.d3 Be7 5.O-O O-O 6.Bb3 h6 7.Re1 Re8 8.Nbd2 
Bf8 9.Nc4 b5 10.Ne3 Na5 11.Bd2 Nxb3 12.axb3 d5 13.exd5 Nxd5 14.Nxd5 Qxd5 
15.Bc3 f6 16.Nh4 b4 17.Bd2 g5 18.Qh5 Bb7 19.Qg6+ Bg7 20.Ra5 Qc6 21.Rc5 
Qxc5 22.Nf5 Re7 23.d4 Qd6 24.Nxd6 cxd6 25.Bxb4 Rd8 26.dxe5 Rxe5 27.Bc3 
Rxe1+ 28.Bxe1 Bd5 29.Bc3 Bf7 30.Qf5 Re8 31.h3 1-0

[Event "119th NZL-ch op"]
[Site "Queenstown NZL"]
[Date "2012.01.21"]
[Round "7"]
[White "Brown, Andrew"]
[Black "Akshat, Khamparia"]
[Result "0-1"]
[WhiteElo "2215"]
[BlackElo "2414"]
[EventDate "2012.01.15"]
[PlyCount "82"]

1.d4 Nf6 2.c4 e6 3.Nf3 Nc6 4.a3 d6 5.Nc3 g6 6.e4 Bg7 7.Be2 O-O 8.O-O Re8 
9.d5 exd5 10.cxd5 Ne7 11.Bf4 c6 12.dxc6 Nxc6 13.Qc2 Qe7 14.Rfe1 Be6 15.
Rad1 Red8 16.h3 Rac8 17.Ng5 Ne8 18.Nxe6 fxe6 19.Qd2 Ne5 20.Bg5 Bf6 21.h4 
Nf7 22.Bxf6 Qxf6 23.Qe3 a6 24.g3 Rc7 25.Kg2 Rdc8 26.Rd4 Ne5 27.Red1 Nc6 
28.R4d2 Ne5 29.Rd4 Rg7 30.f4 Nc6 31.R4d2 h6 32.Bc4 Kh7 33.Ba2 e5 34.Nd5 
Qd8 35.Nb6 Rcc7 36.Nd5 Rcd7 37.Nc3 Rgf7 38.Ne2 Qc8 39.f5 gxf5 40.exf5 Ne7 
41.Bb1 Nxf5 0-1

[Event "119th NZL-ch op"]
[Site "Queenstown NZL"]
[Date "2012.01.21"]
[Round "7"]
[White "Brown, Kevin"]
[Black "Benson, Christopher"]
[Result "1/2-1/2"]
[WhiteElo "1728"]
[BlackElo "1924"]
[EventDate "2012.01.15"]
[PlyCount "82"]

1.e4 d5 2.exd5 Qxd5 3.Nc3 Qd8 4.Bc4 Nf6 5.d4 c6 6.Bg5 Bg4 7.f3 Bf5 8.Bxf6 
gxf6 9.g4 Bg6 10.h4 h5 11.Qd2 e6 12.g5 Nd7 13.O-O-O Qc7 14.Nge2 O-O-O 15.
Kb1 Be7 16.Nf4 Bf5 17.g6 Ne5 18.Bb3 Nxg6 19.Nxg6 Bxg6 20.Qe3 Kb8 21.f4 Bf5
22.Rde1 Bd6 23.Rhf1 Rhg8 24.Ne4 Bxe4 25.Qxe4 f5 26.Qf3 Rg4 27.Rg1 Rdg8 28.
Qf2 Bxf4 29.Rxg4 Rxg4 30.Bxe6 Bg3 31.Bxf5 Rg8 32.Qg2 Qf4 33.Qe4 Qxe4 34.
Rxe4 Bxh4 35.c4 Bg5 36.Bd7 h4 37.Bh3 Rd8 38.Kc2 Kc7 39.b3 Rd6 40.Kd3 c5 
41.d5 Kd8 1/2-1/2

[Event "119th NZL-ch op"]
[Site "Queenstown NZL"]
[Date "2012.01.21"]
[Round "7"]
[White "Chen, Pengyu"]
[Black "Watharow, Sean"]
[Result "1-0"]
[WhiteElo "2056"]
[BlackElo "1929"]
[EventDate "2012.01.15"]
[PlyCount "81"]

1.c4 e5 2.g3 f5 3.d4 exd4 4.Qxd4 Nc6 5.Qe3+ Qe7 6.Nc3 Nb4 7.Kd1 c6 8.a3 
Na6 9.Bg2 Nf6 10.h3 Nc7 11.Qxe7+ Bxe7 12.Be3 O-O 13.Kc2 d6 14.Nf3 Be6 15.
Nd4 Bd7 16.b4 a5 17.b5 c5 18.Nb3 a4 19.Nd2 d5 20.Bf4 Ne6 21.Nxd5 Bd8 22.
Be5 Kh8 23.e3 Ne4 24.Rhf1 Nxd2 25.Kxd2 Ba5+ 26.Bc3 Bxc3+ 27.Kxc3 Rad8 28.
Nf4 Ng5 29.Bxb7 Bc8 30.Bg2 Ne4+ 31.Bxe4 fxe4 32.h4 Bg4 33.Rab1 Rxf4 34.
gxf4 Rd3+ 35.Kb2 Be2 36.Rfc1 Rb3+ 37.Ka2 Rd3 38.Rb2 Bg4 39.b6 Rd8 40.b7 
Rb8 41.Rb5 1-0

[Event "119th NZL-ch op"]
[Site "Queenstown NZL"]
[Date "2012.01.21"]
[Round "7"]
[White "Dale, Ari"]
[Black "Tsagarakis, Angelo"]
[Result "1-0"]
[WhiteElo "1994"]
[BlackElo "1883"]
[EventDate "2012.01.15"]
[PlyCount "51"]

1.d4 Nf6 2.c4 e5 3.dxe5 Ng4 4.Bf4 Nc6 5.Nf3 Bb4+ 6.Nbd2 Qe7 7.e3 Ngxe5 8.
Nxe5 Nxe5 9.Be2 O-O 10.O-O a5 11.Nb3 Qf6 12.Qd4 Re8 13.Rfd1 Bf8 14.Rac1 d6
15.Qc3 a4 16.Nd4 Qg6 17.Nb5 Bh3 18.Bg3 h5 19.gxh3 h4 20.Nxc7 hxg3 21.hxg3 
Qf5 22.Rd4 Qxh3 23.Rh4 Qd7 24.Nxa8 Rxa8 25.Rd1 Rc8 26.Qxe5 1-0

[Event "119th NZL-ch op"]
[Site "Queenstown NZL"]
[Date "2012.01.21"]
[Round "7"]
[White "Davies, Geoff"]
[Black "Shen, Daniel"]
[Result "0-1"]
[WhiteElo "1943"]
[BlackElo "2182"]
[EventDate "2012.01.15"]
[PlyCount "40"]

1.e4 e5 2.Nf3 Nc6 3.d4 exd4 4.Bc4 Nf6 5.O-O Nxe4 6.Re1 d5 7.Bxd5 Qxd5 8.
Nc3 Qh5 9.Nxe4 Be6 10.Bg5 h6 11.Bh4 Bb4 12.c3 dxc3 13.bxc3 Ba5 14.Bg3 O-O 
15.Re3 Bb6 16.Nd4 Qxd1+ 17.Rxd1 Rad8 18.Rd2 Nxd4 19.cxd4 Rxd4 20.Red3 Rxe4
0-1

[Event "119th NZL-ch op"]
[Site "Queenstown NZL"]
[Date "2012.01.21"]
[Round "7"]
[White "Davis, Justin"]
[Black "Li Xiang Wei, William"]
[Result "0-1"]
[WhiteElo "1985"]
[BlackElo "1672"]
[EventDate "2012.01.15"]
[PlyCount "64"]

1.d4 d5 2.c4 c6 3.Nf3 Nf6 4.e3 e6 5.Nbd2 Nbd7 6.b3 Bd6 7.Bd3 O-O 8.Bb2 b6 
9.Ne5 Qc7 10.f4 Bb7 11.g4 dxc4 12.Ndxc4 Bb4+ 13.Kf1 b5 14.Nxd7 Nd5 15.Nxf8
bxc4 16.Bxh7+ Kxf8 17.Qc1 c5 18.bxc4 Nxe3+ 19.Qxe3 Bxh1 20.Be4 cxd4 21.
Qxd4 Qxf4+ 22.Kg1 e5 23.Bxh1 exd4 24.Bxa8 d3 25.Rf1 Bc5+ 26.Kg2 Qd2+ 27.
Kh3 Qxb2 28.Bd5 f6 29.g5 Bd6 30.Kg4 Qd4+ 31.Kh5 d2 32.gxf6 d1=Q+ 0-1